| 000 | 00976nam a22002297a 4500 | ||
|---|---|---|---|
| 005 | 20240530110630.0 | ||
| 008 | 170117s2015 ua g b 000 0 ara d | ||
| 017 |
_a2014/25079 _bمصر. دار الكتب |
||
| 020 | _a9769774385087 | ||
| 040 |
_aEG-CaGPL _cEG-CaGPL |
||
| 082 | 0 | 4 |
_221 _a307.76\ _bأ ت |
| 100 | 0 | _aاحمد عبدالفتاح ناجى | |
| 245 | 1 | 2 |
_aالتخطيط للتنمية الحضرية المستدامة نحو مدن مستدامة بدول العالم الثالث فى ضوء متغيرات العصر / _cاحمد عبدالفتاح ناجى |
| 260 |
_aالاسكندرية : _bالمكتب الجامعى الحديث ، _c2015. |
||
| 300 |
_a404 ص. ؛ _c24 سم. |
||
| 504 | _aيشتمل على ارجاعات ببليوجرافية | ||
| 650 | 0 | 7 |
_2qrmak _aالتنمية الحضرية |
| 650 | 0 | 7 |
_2qrmak _aالمجتمعات الحضرية |
| 651 | _2qrmak | ||
| 942 |
_2ddc _cBK |
||
| 999 |
_c63238 _d63238 |
||